000 00404nam a2200145Ia 4500
008 230917s9999||||xx |||||||||||||| ||und||
040 _e189382
_aMAIN
041 _aEnglish
082 _a158.1 T673C
100 _aTracy, Brian
245 0 _aCreate your own future: How to master the 12 critical factors of unlimite success
260 _aNew Delhi
_bJohn Wiley
_c2006
300 _a275 p.
942 _cBK
999 _c152971
_d152971